Hockey sub-acuático/Alejandro Escobar Chavarriaga (Registro nro. 19441)

Detalles MARC
000 -LEADER
fixed length control field 00784nam a22001931a 4500
001 - CONTROL NUMBER
control field 19441
003 - CONTROL NUMBER IDENTIFIER
control field OSt
005 - DATE AND TIME OF LATEST TRANSACTION
control field 20260204212453.0
008 - FIXED-LENGTH DATA ELEMENTS--GENERAL INFORMATION
fixed length control field 190529s2006||||ck ||||||b||||||||||spa||
020 ## - NUMERO DE LIBRO INTERNACIONAL NORMALIZADO
International Standard Book Number 958826913x
082 ## - DEWEY DECIMAL CLASSIFICATION NUMBER
Classification number 797.3 ES74h
100 ## - ASIENTO PRINCIPAL -- NOMBRE PERSONAL
Personal name Escobar Chavarriaga, Alejandro
245 ## - TÍTULO PROPIAMENTE DICHO: SUBTÍTULO
Title Hockey sub-acuático/Alejandro Escobar Chavarriaga
264 ## - PRODUCTION, PUBLICATION, DISTRIBUTION, MANUFACTURE, AND COPYRIGHT NOTICE
Place of production, publication, distribution, manufacture Armenia,Colombia:Editorial Kinesis
300 ## - PHYSICAL DESCRIPTION
Extensión 219 Páginas
650 ## - ASIENTO SECUNDARIO DE MATERIA -- TERMINO TEMÁTICO
Termino Temático Como Elemento de Entrada Hockey subacuático-técnica 2.Hockey subacuático-Enseñanza 3.Hockey subacuático-reglamento 4.Hockey subacuático-historia
700 ## - ASIENTO SECUNDARIO -- NOMBRE PERSONAL
Personal name Gil Rojas,Alirio Miguel II.Muñoz,Angélica María III.Ochoa Ruíz,Carlos IV.García,Edison Juián V.Mesa Valdés, Juan Carlos VI.Macias,Lina María VII.Alzate Cuervo, Vilma AideeÌ
942 ## - ADDED ENTRY ELEMENTS (KOHA)
Source of classification or shelving scheme Dewey Decimal Classification
Koha item type Libros
Existencias
Withdrawn status Lost status Source of classification or shelving scheme Damaged status Not for loan Current library Date acquired Total Checkouts Full call number Barcode Date last seen Price effective from Koha item type
    Dewey Decimal Classification     Biblioteca UTECO 09/09/2019   797.3 ES74H 019136 09/09/2019 09/09/2019 Libros
© 2021 Derechos Reservados UTECO - Teléfono: +1 809-585-2291 - Correo electrónico: biblioteca@uteco.edu.do​  
Código postal 43000 ​​
Dirección: Avenida Universitaria No. 100, 
Cotuí, Provincia Sánchez Ramírez, República Dominicana - RNC: 404-00059-6